| 000 | 01282nmc a2200445 a 4500 | ||
|---|---|---|---|
| 003 | AR-BaBNM | ||
| 005 | 20251128210504.0 | ||
| 008 | 100020s1999 ||||||||||||||000 | spa|| | ||
| 020 | _a950-808-232-1 | ||
| 040 | _cAR-BaBNM | ||
| 245 | 1 | 0 |
_aFilosofías de la ciudadanía _bsujeto político y democracia |
| 260 |
_aRosario _bHomo Sapiens Ediciones _c1999 |
||
| 300 | 0 | _a260 p. | |
| 490 | 0 | _aPoliteia | |
| 504 | _aLos trabajos cuentan con bibliografía para consultar | ||
| 600 | 1 | 4 |
_aIngenieros, José _d1877-1925 |
| 650 | 4 | _aDEMOCRACIA | |
| 650 | 4 | _aCAMBIO SOCIAL | |
| 650 | 4 | _aSOCIOLOGIA POLITICA | |
| 650 | 4 | _aCIUDADANIA | |
| 650 | 4 | _aCONSTITUCIONES | |
| 650 | 4 | _aDERECHOS Y PRIVILEGIOS | |
| 650 | 4 | _aPOLITICA | |
| 650 | 4 | _aCIENCIAS POLITICAS | |
| 650 | 4 | _aHISTORIA POLITICA | |
| 650 | 4 | _aREPUBLICA | |
| 700 | 1 |
_aQuiroga, Hugo _ecompilador |
|
| 700 | 1 |
_aVillavicencio, Susana _ecompilador |
|
| 700 | 1 |
_aVermeren, Patrice _ecompilador |
|
| 700 | 1 | _aRancière, Jacques | |
| 700 | 1 | _aCornu, Laurence | |
| 700 | 1 | _aTassin, Etienne | |
| 700 | 1 | _aGarcía Raggio, Ana María | |
| 700 | 1 | _aFraisse, Geneviève | |
| 700 | 1 | _aNavet, Georges | |
| 700 | 1 | _aDouailler, Stephan | |
| 800 | 1 |
_aQuiroga, Hugo _edirector |
|
| 942 | _cBK | ||
| 998 | _cMariana | ||
| 999 |
_c15656 _d15656 |
||